Management Information Systems:Text and Cases/ (Record no. 179931)

MARC details
000 -LEADER
fixed length control field 00688nam a22002057a 4500
005 - DATE AND TIME OF LATEST TRANSACTION
control field 20210716160022.0
010 ## - LCCN (DPL NO)
LC control number ENG-129578
020 ## - INTERNATIONAL STANDARD BOOK NUMBER
International Standard Book Number 978-93-89949-34-6
Terms of availability 745.00
035 ## - SYSTEM CONTROL NUMBER
System control number EN-113110
037 ## - SOURCE OF ACQUISITION
Source of stock number/acquisition DBAD/PUB
082 ## - DEWEY DECIMAL CLASSIFICATION NUMBER
Classification number 658.4038011
100 ## - MAIN ENTRY--PERSONAL NAME
Personal name Waman S Jawadekar
245 ## - TITLE STATEMENT
Title Management Information Systems:Text and Cases/
Statement of responsibility, etc by Waman S Jawadekar
250 ## - EDITION STATEMENT
Edition statement 6th
260 ## - PUBLICATION, DISTRIBUTION, ETC. (IMPRINT)
Place of publication, distribution, etc Alapakkam
Name of publisher, distributor, etc Mc Graw Hill
Date of publication, distribution, etc 2020
270 ## - ADDRESS
Address 444/1,Sri Ekambara Naicker Industrial Estate,Alapakkam,Porur
City Chennai
Postal code 600116
Electronic mail address info.india@mheducation.com
Telephone number 18001035875
300 ## - PHYSICAL DESCRIPTION
Extent 746p;
Dimensions 24cm(PB)
700 ## - ADDED ENTRY--PERSONAL NAME
Personal name Sanjiva Shankar Dubey
942 ## - ADDED ENTRY ELEMENTS (KOHA)
Source of classification or shelving scheme Dewey Decimal Classification
Item type English Books
Classification part 658.4038011
Call number suffix JAW
Holdings
Withdrawn status Lost status Not for loan Collection code Home library Current library Date acquired Source of acquisition Cost, normal purchase price Full call number Barcode Copy number Cost, replacement price Koha item type
      Non-fiction Central Library Central Library 16/07/2021 DBAD/PUB 745.00 658.4038011 JAW EN-113110 1 745.00 English Books

© Delhi Public Library
Hit Counter
free hit counter